[Event "Santa Clara"]
[Site "Santa Clara"]
[Date "1991.??.??"]
[Round "4"]
[White "Magem Badals, Jorge"]
[Black "Diaz, Joaquin C"]
[Result "1/2-1/2"]
[WhiteElo "2490"]
[BlackElo "2430"]

1.e4 e5 2.Nf3 Nc6 3.Bb5 a6 4.Ba4 Nf6 5.O-O b5 6.Bb3 Bb7 7.c3 Be7 8.d4 d6
9.Qe2 O-O 10.Rd1 Nd7 11.a4 b4 12.a5 bxc3 13.bxc3 Bf6 14.d5 Ne7 15.Be3 Ng6
16.g3 Be7 17.Nbd2 Nc5 18.Bc2 Bc8 19.Ne1 Bd7 20.Rab1 Bb5 21.Nd3 Na4 22.Rb3 Nc5
23.Rbb1 Na4 24.Rb3 Nc5 25.Ra3 Nxe4 26.Nxe4 f5 27.Nd2 e4 28.c4 exd3 29.Bxd3 Bd7
30.f4 Bf6 31.c5 dxc5 32.Bxc5 Re8 33.Qf1 Be7 34.Rc3 Bd6 35.Rdc1 Qf6 36.Bxd6 cxd6
37.Nc4 Rac8 38.Qf2 Bb5 39.R3c2 Rc5 40.Bf1 Rxd5 41.Nb6 Rc5 42.Rxc5 dxc5 43.Bxb5 axb5
44.Qxc5 Qb2 45.Qd5+ Kh8 46.Qc6 Rd8 47.a6 Qd4+ 48.Kh1 Ne7 49.Qe6 Qb2 50.Qe3 Nc6
51.Nd5 Qa2 52.Qc5 Na7 53.Nb4 Qa3 54.Qc3 Qxc3 55.Rxc3 Rd7 56.Nc6 h6 57.Nxa7 Rxa7
58.Rc6 b4 59.Rb6 b3 60.Kg2 b2 61.Rxb2 Rxa6  1/2-1/2

[Event "Santa Clara"]
[Site "Santa Clara"]
[Date "1991.??.??"]
[Round "5"]
[White "Ulibin, Mikhail"]
[Black "Arencibia, Walter"]
[Result "1-0"]
[WhiteElo "2565"]
[BlackElo "2560"]

1.e4 e5 2.Nf3 Nc6 3.Bb5 a6 4.Ba4 Nf6 5.O-O b5 6.Bb3 Bb7 7.c3 Nxe4 8.d4 Na5
9.Bc2 exd4 10.b4 Nc4 11.Bxe4 Bxe4 12.Re1 d5 13.Nxd4 c5 14.bxc5 Bxc5 15.f3 O-O
16.fxe4 dxe4 17.Rxe4 Qd5 18.Rh4 Rad8 19.Nd2 Ne3 20.Qf3 Nf5 21.Qxd5 Rxd5 22.Rh5 Re8
23.Ba3 Bxa3 24.Rxf5 Rxf5 25.Nxf5 Bb2 26.Rd1 g6 27.Ne4 Rf8 28.Nf6+ Kh8 29.Nd6 Bxc3
30.Nd7 Ra8 31.Nxf7+ Kg8 32.Ng5 a5 33.Nb6 Ra7 34.Ne4 Bb2 35.Rd2 Ba1 36.Rd5 Re7
37.Nd2 Bc3 38.Kf1 Re6 39.Nd7 a4 40.Nf3 a3 41.Rxb5 Rd6 42.Rc5 Bb2 43.Rc8+ Kg7
44.Rc7 Rd1+ 45.Ke2 Ra1 46.Nc5+ Kf6 47.Nb3 Rb1 48.Nfd2 Rg1 49.Kf2  1-0

[Event "Santa Clara"]
[Site "Santa Clara"]
[Date "1991.??.??"]
[Round "11"]
[White "Garcia Martinez, Silvino"]
[Black "Diaz, Joaquin C"]
[Result "1/2-1/2"]
[WhiteElo "2425"]
[BlackElo "2430"]

1.e4 e5 2.Nf3 Nc6 3.Bb5 a6 4.Ba4 Nf6 5.O-O b5 6.Bb3 Bb7 7.d3 Bd6 8.c3 O-O
9.Nbd2 Na5 10.Bc2 Re8 11.Re1 c5 12.Nf1 Bf8 13.Ng3 d5 14.exd5 Qxd5 15.Bg5 Qd6
16.Ne4 Nxe4 17.dxe4 f6 18.Qxd6 Bxd6 19.Rad1 Red8 20.Bc1 Bc6 21.Nd2 Be7 22.Nf1 Rxd1
23.Rxd1 Nc4 24.b3 Nb6 25.Ne3 c4 26.Nf5 Bf8 27.Be3 Nc8 28.g4 Kf7 29.g5 fxg5
30.Bxg5 Ke6 31.bxc4 bxc4 32.Ne3 Nd6 33.Nd5 Rc8 34.f4 exf4 35.Bxf4 Nb5 36.Rd2 Bc5+
37.Kg2 Bd6 38.Bxd6 Nxd6 39.Kf3 Ke5 40.Ke3 g6 41.Ne7 Rc7 42.Nxc6+ Rxc6 43.Rd5+ Ke6
44.Bd1 Nb5 45.Bg4+ Ke7 46.Rd7+ Kf6 47.Rxh7 Nxc3 48.h4 Nxe4 49.Kxe4 c3 50.Bd1 c2
51.Bxc2 Rxc2  1/2-1/2

[Event "Belavenets mem op"]
[Site "Smolensk"]
[Date "1991.??.??"]
[Round "?"]
[White "Brodsky, Michail"]
[Black "Grechihin, Valery"]
[Result "1-0"]
[WhiteElo "2310"]
[BlackElo "2230"]

1.e4 e5 2.Nf3 Nc6 3.Bb5 a6 4.Ba4 Nf6 5.O-O b5 6.Bb3 Bb7 7.d3 Bd6 8.c3 O-O
9.Nbd2 Re8 10.Re1 Bc5 11.Nf1 d5 12.exd5 Nxd5 13.d4 Bb6 14.dxe5 Na5 15.Bc2 g6
16.Ng3 f5 17.Bg5 Qd7 18.Qc1 c5 19.Nh4 Nc6 20.Nhxf5 Rxe5 21.Nh6+ Kg7 22.Qd2 Rae8
23.h3 Bd8 24.Bxd8 Nxd8 25.Ng4 Rxe1+ 26.Rxe1 Rxe1+ 27.Qxe1 h5 28.Ne3 Nf4 29.Be4 Qe8
30.Qd2 Nfe6 31.Qd6 h4 32.Ne2 Ng5 33.Bd5 Ne4 34.Qc7+  1-0

[Event "St Martin op"]
[Site "St Martin"]
[Date "1991.??.??"]
[Round "4"]
[White "Renet, Olivier"]
[Black "Castro Rojas, Oscar Humberto"]
[Result "1-0"]
[WhiteElo "2495"]
[BlackElo "2380"]

1.e4 e5 2.Nf3 Nc6 3.Bb5 a6 4.Ba4 Nf6 5.O-O b5 6.Bb3 Bb7 7.Re1 Bc5 8.c3 Bb6
9.d4 d6 10.Be3 O-O 11.Nbd2 Re8 12.d5 Ne7 13.Bxb6 cxb6 14.a4 bxa4 15.Bxa4 b5
16.Bc2 Qb6 17.Nf1 Rec8 18.Ne3 b4 19.cxb4 Qxb4 20.Ra4 Qc5 21.Qd2 Rc7 22.Bd3 Bc8
23.Nc4 Rca7 24.Rc1 Rc7 25.Ra5 Qa7 26.Nxd6 Ng6 27.Rca1 Qb6 28.Nc4 Rxc4 29.Bxc4 Nxe4
30.Qe3  1-0

[Event "Struga"]
[Site "Struga"]
[Date "1991.??.??"]
[Round "5"]
[White "Kocovski, Ivan"]
[Black "Bogdanovski, Vlatko"]
[Result "0-1"]
[WhiteElo "2325"]
[BlackElo "2440"]

1.e4 e5 2.Nf3 Nc6 3.Bb5 a6 4.Ba4 Nf6 5.O-O b5 6.Bb3 Bb7 7.d3 Bd6 8.Nc3 Na5
9.Ne2 O-O 10.Ng3 Re8 11.Bd2 Nxb3 12.axb3 Bf8 13.c4 g6 14.Qc1 d6 15.h3 Nd7
16.b4 bxc4 17.dxc4 Bg7 18.c5 Nb8 19.Rd1 Qd7 20.Bh6 Bxh6 21.Qxh6 f6 22.Qd2 Rd8
23.Qc3 Qf7 24.Rd2 Nc6 25.Rad1 Na7 26.Qc2 Nb5 27.Nf1 Bc8 28.Ne3 Be6 29.Rd3 Kg7
30.c6 h6 31.g4 Rh8 32.Kg2 h5 33.Nh2 Rh7 34.g5 fxg5 35.Nd5 g4 36.h4 Rhh8 37.Qd2 Rhf8
38.Nf1 Bxd5 39.Rxd5 Qf3+ 40.Kg1 Qxe4  0-1

[Event "Subotica Interzonal (Women)"]
[Site "Subotica"]
[Date "1991.??.??"]
[Round "2"]
[White "Arakhamia, Ketevan"]
[Black "Misanovic, Vesna"]
[Result "1/2-1/2"]
[WhiteElo "2440"]
[BlackElo "2305"]

1.e4 e5 2.Nf3 Nc6 3.Bb5 a6 4.Ba4 Nf6 5.O-O b5 6.Bb3 Bb7 7.Re1 Bc5 8.c3 d6
9.d4 Bb6 10.Be3 O-O 11.Nbd2 h6 12.dxe5 dxe5 13.Bxb6 cxb6 14.Qe2 Nh5 15.g3 Nf6
16.Nf1 Na5 17.Bc2 Nc4 18.a4 Nxb2 19.axb5 Qc8 20.Reb1 Qxc3 21.Ne3 axb5 22.Rxa8 Rxa8
23.Qxb5 Na4 24.Qxe5 Qxe5 25.Nxe5 Bxe4 26.Bxe4 Nxe4 27.Nd5 Ra5 28.Nc6 Rc5
29.Rb4 Nec3 30.Nxc3 Rxc3 31.Ne7+ Kf8  1/2-1/2

[Event "Grand Prix Suisse op"]
[Site "SWZ"]
[Date "1991.??.??"]
[Round "8"]
[White "Belotti, Bruno"]
[Black "Hug, Marcel"]
[Result "1/2-1/2"]
[WhiteElo "2460"]
[BlackElo "2250"]

1.e4 e5 2.Nf3 Nc6 3.Bb5 a6 4.Ba4 Nf6 5.O-O b5 6.Bb3 Bb7 7.Re1 Bc5 8.c3 d6
9.d4 Bb6 10.Qd3 O-O 11.Bg5 h6 12.Bh4 Re8 13.Nbd2 Na5 14.Bc2 c5 15.d5 c4 16.Qe2 g5
17.Bg3 Nh5 18.Nf1 Qf6 19.Ne3 Bc8 20.b4 cxb3 21.axb3 Bd7 22.Nf5 Ng7 23.Nxg7 Kxg7
24.Nd2 Rec8 25.c4 b4 26.Nf1 Nb7 27.Ne3 Rh8 28.Nf5+ Bxf5 29.exf5 Bd4 30.Rab1 Nc5  1/2-1/2

[Event "FIN-ch"]
[Site "Tampere"]
[Date "1991.??.??"]
[Round "7"]
[White "Nokso Koivisto, Antti"]
[Black "Rantanen, Yrjo A"]
[Result "1/2-1/2"]
[WhiteElo "2370"]
[BlackElo "2415"]

1.e4 e5 2.Nf3 Nc6 3.Bb5 a6 4.Ba4 Nf6 5.O-O b5 6.Bb3 Bb7 7.Re1 Bc5 8.c3 d6
9.d4 Bb6 10.Bg5 h6 11.Bh4 g5 12.Bg3 O-O 13.Qd3 Ne7 14.a4 Ng6 15.axb5 axb5
16.Rxa8 Bxa8 17.Na3 Kg7 18.dxe5 dxe5 19.Qxb5 Nxe4 20.Nc4 Nxg3 21.hxg3 Qd3
22.Rd1 Qe2 23.Rd2 Bxf2+ 24.Kh2 Qf1 25.Rd1 Qe2 26.Rd2 Qf1  1/2-1/2

[Event "Teheran op"]
[Site "Teheran"]
[Date "1991.??.??"]
[Round "3"]
[White "Tondivar, Babak"]
[Black "Kuzmin, Alexey"]
[Result "0-1"]
[WhiteElo "2265"]
[BlackElo "2520"]

1.e4 e5 2.Nf3 Nc6 3.Bb5 a6 4.Ba4 Nf6 5.O-O b5 6.Bb3 Bb7 7.d3 Be7 8.a4 O-O
9.Re1 d6 10.Nc3 Na5 11.Ba2 b4 12.Ne2 Rb8 13.Ng3 c5 14.c3 b3 15.Bb1 g6 16.d4 Nd7
17.d5 c4 18.h3 Bc8 19.Bh6 Re8 20.Qd2 Nb6 21.Rf1 Bf8 22.Be3 Bg7 23.Nh2 Rb7
24.f4 exf4 25.Bxf4 Be5 26.Nf3 Bxf4 27.Qxf4 f6 28.h4 Rf8 29.h5 Rg7 30.hxg6 hxg6
31.Qh6 Qe8 32.Nh4 Nd7 33.e5 Nxe5 34.Ne4 Ng4 35.Qf4 g5 36.Qxd6 gxh4 37.Qc5 f5
38.Qxa5 fxe4 39.Rxf8+ Qxf8 40.Bxe4 Qd6  0-1

[Event "Tel Aviv-B"]
[Site "Tel Aviv"]
[Date "1991.??.??"]
[Round "7"]
[White "Damjanovic, Mato"]
[Black "Zak, Uriel"]
[Result "1/2-1/2"]
[WhiteElo "2325"]
[BlackElo "2295"]

1.e4 e5 2.Nf3 Nc6 3.Bb5 a6 4.Ba4 Nf6 5.O-O b5 6.Bb3 Bb7 7.Re1 Bc5 8.c3 d6
9.d4 Bb6 10.Bg5 h6 11.Bxf6 Qxf6 12.Bd5 O-O 13.Na3 g5 14.dxe5 dxe5 15.Qe2 Nd8
16.Bxb7 Nxb7 17.Nc2 Rfd8 18.Rad1 Rxd1 19.Rxd1 Rd8 20.a4 Rxd1+ 21.Qxd1 Qc6
22.Qe2 bxa4 23.b4 Ba7 24.c4 f6 25.c5 Qe6 26.Kf1 a5 27.h4 axb4 28.hxg5 Bxc5  1/2-1/2

[Event "Tel Aviv"]
[Site "Tel Aviv"]
[Date "1991.??.??"]
[Round "10"]
[White "Gruenfeld, Yehuda"]
[Black "Manor, Ilan"]
[Result "0-1"]
[WhiteElo "2505"]
[BlackElo "2445"]

1.e4 e5 2.Nf3 Nc6 3.Bb5 a6 4.Ba4 Nf6 5.O-O b5 6.Bb3 Bb7 7.d3 Bd6 8.c3 Ne7
9.Nxe5 Bxe5 10.f4 Bd6 11.e5 Nf5 12.Bc2 h5 13.d4 Ng4 14.Qe1 g6 15.exd6+ Kf8
16.h3 Nf6 17.Nd2 cxd6 18.Nf3 Qc7 19.Qf2 Re8 20.Re1 Rxe1+ 21.Nxe1 Be4 22.Nf3 Qc6
23.Bb3 Kg7 24.Bd2 Bd5 25.Ng5 Re8 26.Bxd5 Qxd5 27.b3 Ne4 28.Nxe4 Rxe4 29.Re1 Qe6
30.Rxe4 Qxe4 31.Be1 d5 32.Qd2 Kf6 33.Bf2 Nd6 34.Kh2 Kf5 35.Be3 Ke6 36.Bf2 Nf5
37.g4 hxg4 38.hxg4 Nd6 39.Qe1 f5 40.g5 Kf7 41.Qxe4 fxe4 42.Kh3 Ke6 43.Kg4 Nf5
44.b4 Kd6 45.Kh3 Kc6 46.Be1 Kb6 47.Bd2 a5 48.bxa5+ Kxa5 49.c4+ Ka4 50.cxb5 Kxb5
51.Kg2 Nxd4  0-1

[Event "Toledo"]
[Site "Toledo"]
[Date "1991.??.??"]
[Round "2"]
[White "Vehi Bach, Victor Manuel"]
[Black "Braga, Fernando"]
[Result "0-1"]
[WhiteElo "2420"]
[BlackElo "2445"]

1.e4 e5 2.Nf3 Nc6 3.Bb5 a6 4.Ba4 Nf6 5.O-O b5 6.Bb3 Bb7 7.Re1 Bc5 8.c3 d6
9.d4 Bb6 10.Qd3 h6 11.Nbd2 O-O 12.Nf1 d5 13.dxe5 Ng4 14.Nd4 Qh4 15.Re2 Ncxe5
16.Qd1 dxe4 17.Bf4 c5 18.Nf5 Qf6 19.N1g3 Rad8  0-1

[Event "Toledo"]
[Site "Toledo"]
[Date "1991.??.??"]
[Round "7"]
[White "Martin Gonzalez, Angel"]
[Black "Braga, Fernando"]
[Result "1/2-1/2"]
[WhiteElo "2445"]
[BlackElo "2445"]

1.e4 e5 2.Nf3 Nc6 3.Bb5 a6 4.Ba4 Nf6 5.O-O b5 6.Bb3 Bb7 7.d3 Be7 8.c3 O-O
9.Re1 d6 10.Nbd2 Re8 11.Nf1 Bf8 12.Ng3 Na5 13.Bc2 d5  1/2-1/2

[Event "Torcy op"]
[Site "Torcy"]
[Date "1991.??.??"]
[Round "?"]
[White "Apicella, Manuel"]
[Black "Picarda, Laurent"]
[Result "1-0"]
[WhiteElo "2430"]
[BlackElo "2240"]

1.e4 e5 2.Nf3 Nc6 3.Bb5 a6 4.Ba4 Nf6 5.O-O b5 6.Bb3 Bb7 7.Re1 Bc5 8.c3 d6
9.d4 Bb6 10.Be3 O-O 11.Nbd2 Qe7 12.d5 Nb8 13.Bg5 h6 14.Bh4 Bc8 15.a4 bxa4
16.Bxa4 g5 17.Nxg5 Bxf2+ 18.Bxf2 hxg5 19.g3 Ne8 20.Be3 Ng7 21.g4 Bd7 22.Nc4 f6
23.Qd3 Rd8 24.Na5 Qe8 25.Bxd7 Rxd7 26.Rf1 Rf7 27.Rf2 Qb5 28.c4 Qb4 29.b3 Nd7
30.Nc6 Qb7 31.b4 Nf8 32.Rfa2 Ng6 33.b5 Nf4 34.Bxf4 gxf4 35.bxa6 Qb6+ 36.Kh1 Rff8
37.a7 Ne6 38.Rb1  1-0

[Event "Vienna op"]
[Site "Vienna"]
[Date "1991.??.??"]
[Round "7"]
[White "Schlosser, Michael"]
[Black "Mainka, Romuald"]
[Result "0-1"]
[WhiteElo "2380"]
[BlackElo "2445"]

1.e4 e5 2.Nf3 Nc6 3.Bb5 a6 4.Ba4 Nf6 5.O-O b5 6.Bb3 Bb7 7.Re1 Bc5 8.c3 d6
9.d4 Bb6 10.a4 h6 11.axb5 axb5 12.Rxa8 Qxa8 13.Na3 O-O 14.Nxb5 exd4 15.cxd4 Na5
16.e5 dxe5 17.dxe5 Rd8 18.exf6 Rxd1 19.Bxd1 g5 20.Bd2 Bd5 21.Bc3 Bb3 22.Be2 Bc4
23.b4 Bxe2 24.bxa5 Bxb5 25.axb6 cxb6 26.Nd4 Bd7 27.h3 Qd5 28.f3 b5 29.Re2 b4
30.Bb2 Kh7 31.Kf2 Kg6 32.Ba1 Bc8 33.Nc2 Ba6 34.Ne3 Qa5  0-1

[Event "Vrnjacka Banja"]
[Site "Vrnjacka Banja"]
[Date "1991.??.??"]
[Round "9"]
[White "Velimirovic, Dragoljub"]
[Black "Malaniuk, Vladimir P"]
[Result "0-1"]
[WhiteElo "2520"]
[BlackElo "2500"]

1.e4 e5 2.Nf3 Nc6 3.Bb5 a6 4.Ba4 Nf6 5.O-O b5 6.Bb3 Bb7 7.Re1 Bc5 8.c3 d6
9.d4 Bb6 10.Be3 O-O 11.d5 Ne7 12.Bxb6 cxb6 13.Nbd2 Nd7 14.Bc2 h6 15.Nh4 Nxd5
16.Nf5 Ne7 17.Nxd6 Bc6 18.Nf5 Nf6 19.Nf3 Ng6 20.N3h4 Nxh4 21.Qxd8 Rfxd8 22.Nxh4 Rd2
23.Rac1 Re8 24.Nf3 Rd6 25.Re2 Kf8 26.Ne1 Red8 27.f3 Ke7 28.Kf2 a5 29.b4 Ne8
30.Ke3 Nc7 31.Nd3 f6 32.g3 Be8 33.Rd2 Bf7 34.Bb1 axb4 35.cxb4 Bc4 36.Rcd1 Ne6
37.Nb2 Nd4 38.Bd3 Bxa2 39.Ra1 Bb3 40.Ra7+ Kf8 41.Rb7 Be6 42.f4 Rc8 43.Rd1 Rc3
44.Ra1 Rxd3+ 45.Nxd3 Nc2+ 46.Kd2 Nxa1 47.fxe5 fxe5 48.Kc3 Nb3 49.Nxe5 Nd4
50.Ng6+ Kg8 51.Nf4 Bc4  0-1

[Event "Vrnjacka Banja"]
[Site "Vrnjacka Banja"]
[Date "1991.??.??"]
[Round "10"]
[White "Matulovic, Milan"]
[Black "Malaniuk, Vladimir P"]
[Result "0-1"]
[WhiteElo "2470"]
[BlackElo "2500"]

1.e4 e5 2.Nf3 Nc6 3.Bb5 a6 4.Ba4 Nf6 5.O-O b5 6.Bb3 Bb7 7.d3 Bd6 8.a4 O-O
9.axb5 axb5 10.Rxa8 Bxa8 11.Nc3 b4 12.Ne2 h6 13.Ng3 Re8 14.Re1 Na5 15.Ba2 c5
16.Nd2 Bf8 17.Nh5 Nxh5 18.Qxh5 Re7 19.Nf3 b3 20.cxb3 Qb6 21.b4 Qxb4 22.Bd2 Qxb2
23.Bxf7+ Rxf7 24.Bxa5 d6 25.Qg4 Bc6 26.Qe6 Qa3 27.Bc7 Bd7 28.Qd5 Qa6 29.Rb1 Bc6
30.Qb3 c4 31.Qb8 c3 32.Bxd6 Qxd3 33.Nxe5 Qxd6 34.Qxd6 Bxd6 35.Nxf7 Kxf7 36.Rc1 Be5
37.f3 Bd4+ 38.Kf1 Bb5+ 39.Ke1 Bd3 40.Rd1 c2 41.Rc1 Be3 42.Rxc2 Bxc2 43.Ke2 Bg1
44.h3 Bh2 45.Ke3 g5  0-1

[Event "Vrnjacka Banja"]
[Site "Vrnjacka Banja"]
[Date "1991.??.??"]
[Round "15"]
[White "Tosic, Miroslav"]
[Black "Huzman, Alexander"]
[Result "0-1"]
[WhiteElo "2455"]
[BlackElo "2475"]

1.e4 e5 2.Nf3 Nc6 3.Bb5 a6 4.Ba4 Nf6 5.O-O b5 6.Bb3 Bb7 7.Re1 Bc5 8.c3 d6
9.d4 Bb6 10.Bg5 h6 11.Bh4 Qd7 12.a4 O-O-O 13.axb5 axb5 14.Na3 g5 15.Bg3 h5
16.dxe5 h4 17.exf6 hxg3 18.hxg3 g4 19.Nd4 Rh5 20.Naxb5 Rdh8 21.Kf1 Bxd4 22.Nxd4 Rh1+
23.Ke2 Rxe1+ 24.Qxe1 Nxd4+ 25.cxd4 Qb5+ 26.Ke3 Qxb3+ 27.Qc3 Qe6 28.f3 gxf3
29.gxf3 Qxf6 30.d5 Qg5+ 31.Kd3 Rh2 32.Rc1 Ba6+  0-1

[Event "Hoogovens-B"]
[Site "Wijk aan Zee"]
[Date "1991.??.??"]
[Round "3"]
[White "Nijboer, Friso"]
[Black "Tukmakov, Vladimir B"]
[Result "1/2-1/2"]
[WhiteElo "2455"]
[BlackElo "2520"]

1.e4 e5 2.Nf3 Nc6 3.Bb5 a6 4.Ba4 Nf6 5.O-O b5 6.Bb3 Bb7 7.d3 Bd6 8.Bd2 O-O
9.c4 b4 10.a3 a5 11.Be3 Ng4 12.Bc1 Bc5 13.h3 Nf6 14.Ba4 d6 15.Nbd2 Ne7 16.Nh4 Bc8
17.Nb3 Bb6 18.Bg5 Ng6 19.Bc6 Rb8 20.axb4 axb4 21.d4 exd4 22.Nxg6 hxg6 23.Qf3 Bd7
24.e5 Bxc6 25.Qxc6 Qd7 26.Qxd7 Nxd7 27.exd6 cxd6 28.Be7 Rfe8 29.Bxd6 Rbc8
30.Rac1 Bc5 31.Bxc5 Nxc5 32.Nxd4 Nd3 33.Rc2 Re4 34.Nb5 Rcxc4 35.Rd2 Re5 36.Nd6 Rd4
37.Rfd1  1/2-1/2

[Event "Simferopol/Alushta (Women)"]
[Site "Alushta"]
[Date "1992.??.??"]
[Round "?"]
[White "Velikhanli, Firuza"]
[Black "Struchkova, Svetlana"]
[Result "0-1"]
[WhiteElo "2230"]
[BlackElo "2260"]

1.e4 e5 2.Nf3 Nc6 3.Bb5 a6 4.Ba4 Nf6 5.O-O b5 6.Bb3 Bb7 7.Re1 Bc5 8.c3 d6
9.d4 Bb6 10.Bg5 h6 11.Bh4 Qd7 12.a4 O-O-O 13.axb5 axb5 14.Na3 g5 15.Bg3 h5
16.dxe5 h4 17.exf6 hxg3 18.hxg3 g4 19.Nd4 Ne5 20.Nac2 c5 21.Bd5 cxd4 22.Bxb7+ Kxb7
23.cxd4 Nc6 24.Qd3 Rh5 25.Kf1 Re8 26.d5 Ne5 27.Qa3 Nc4 28.Qa6+ Kc7 29.Ne3 Rh1+
30.Ke2 Rxe1+ 31.Kxe1 Rxe4 32.Rc1 Qe8 33.Kf1 Rxe3 34.fxe3 Qxe3 35.Rxc4+ bxc4
36.Qxc4+ Bc5 37.Qf4 Qxf4+ 38.gxf4 Bd4 39.b3 Kb6 40.Ke2 Kc5 41.Kd3 Kxd5  0-1

[Event "Simferopol/Alushta"]
[Site "Alushta"]
[Date "1992.??.??"]
[Round "?"]
[White "Frolov, Artur"]
[Black "Yilmaz, Turham"]
[Result "1-0"]
[WhiteElo "2510"]
[BlackElo "2385"]

1.e4 e5 2.Nf3 Nc6 3.Bb5 a6 4.Ba4 Nf6 5.O-O b5 6.Bb3 Bb7 7.d4 Nxd4 8.Bxf7+ Kxf7
9.Nxe5+ Kg8 10.Qxd4 c5 11.Qd1 Qe8 12.Nf3 Qxe4 13.Bg5 Qf5 14.Bxf6 gxf6 15.Nbd2 Kf7
16.Nh4 Qd5 17.c4 bxc4 18.Nxc4 Rd8 19.Qb3 Rg8 20.Nf3 a5 21.a4 Bc6 22.Rad1 Rb8
23.Nce5+ fxe5 24.Nxe5+ Ke6 25.Qh3+ Kxe5 26.Qh5+ Kd6 27.Rxd5+ Bxd5 28.Rd1 Rxg2+
29.Kf1 Rg7 30.Rxd5+ Kc6 31.Qf3 Kc7 32.Qf4+ Kb7 33.Rf5 Rg8 34.Rf7 Rd8 35.Qc4 Kc7
36.Qa6 Bd6 37.Rf6 Be7 38.Qxa5+  1-0

[Event "Amantea op"]
[Site "Amantea"]
[Date "1992.??.??"]
[Round "7"]
[White "Laketic, Gojko"]
[Black "Malaniuk, Vladimir P"]
[Result "0-1"]
[WhiteElo "2480"]
[BlackElo "2550"]

1.e4 e5 2.Nf3 Nc6 3.Bb5 a6 4.Ba4 Nf6 5.O-O b5 6.Bb3 Bb7 7.Re1 Bc5 8.c3 d6
9.d4 Bb6 10.Bg5 h6 11.Bxf6 Qxf6 12.Bd5 O-O 13.Na3 Rab8 14.Nc2 Rfe8 15.Qd3 Ne7
16.Bxb7 Rxb7 17.a4 c6 18.axb5 axb5 19.Ra6 Ng6 20.g3 Nf8 21.Nb4 Rc8 22.Kg2 exd4
23.cxd4 Ne6 24.Rd1 Qg6 25.Qe3 Nc7 26.Rxb6 Rxb6 27.d5 c5 28.Nc6 Re8 29.b4 Qxe4
30.Qc1 Qc4 31.Qxc4 bxc4 32.bxc5 dxc5 33.Nce5 Rd6  0-1

[Event "Athens schev (Women)"]
[Site "Athens"]
[Date "1992.??.??"]
[Round "8"]
[White "Veroci, Zsuzsa"]
[Black "Botsari Miladinovic, Anna Maria"]
[Result "1/2-1/2"]
[WhiteElo "2310"]
[BlackElo "2305"]

1.e4 e5 2.Nf3 Nc6 3.Bb5 a6 4.Ba4 Nf6 5.O-O b5 6.Bb3 Bb7 7.d3 Bd6 8.c3 O-O
9.Nbd2 h6 10.Re1 Re8 11.Nf1 Bf8 12.Ne3 Na5 13.Bc2 c5 14.c4  1/2-1/2

[Event "AUT-chT2"]
[Site "AUT"]
[Date "1992.??.??"]
[Round "?"]
[White "Raubal, Martin"]
[Black "Brandl, Rudolf"]
[Result "1/2-1/2"]
[WhiteElo "2225"]
[BlackElo "2240"]

1.e4 e5 2.Nf3 Nc6 3.Bb5 a6 4.Ba4 Nf6 5.O-O b5 6.Bb3 Bb7 7.Re1 Be7 8.c3 d6
9.d4 O-O 10.Nbd2 exd4 11.cxd4 Nb4 12.Nf1 a5 13.a3 a4 14.axb4 axb3 15.Rxa8 Qxa8
16.N3d2 Nxe4 17.Nxe4 Bxe4 18.Qe2 d5 19.f3 Bxb4 20.fxe4 Bxe1 21.Qxe1 dxe4
22.Qc3 Qa4 23.Nd2 Rd8 24.Nxb3 Qc4 25.Be3 Qxc3 26.bxc3 Ra8 27.Bd2 Ra3 28.Nc5 e3
29.Be1 Kf8 30.Kf1 Ke7 31.Nd3 g5 32.Nb4 f5 33.Nd5+ Kd6 34.Nxe3 f4 35.Nc2 Rb3
36.Ke2  1/2-1/2

[Event "Bad Woerishofen op"]
[Site "Bad Woerishofen"]
[Date "1992.??.??"]
[Round "6"]
[White "Sokolov, Andrei"]
[Black "Mainka, Romuald"]
[Result "1/2-1/2"]
[WhiteElo "2565"]
[BlackElo "2455"]

1.e4 e5 2.Nf3 Nc6 3.Bb5 a6 4.Ba4 Nf6 5.O-O b5 6.Bb3 Bb7 7.d3 Bd6 8.a4 O-O
9.Nc3 b4 10.Ne2 Na5 11.Ba2 h6 12.Ng3 Re8 13.Nd2 Bf8 14.Nh5 d5 15.Nxf6+ Qxf6
16.Bxd5 Bxd5 17.exd5 Rad8 18.Ne4 Qg6 19.Qf3 c6 20.d6 Nb7 21.Be3 Nxd6 22.Nxd6 Rxd6
23.b3 Rd5 24.Rae1 f5 25.Re2 Bd6 26.Qh3 e4 27.dxe4 Rxe4 28.Qf3 Qe6 29.Ree1 Bc5
30.g3 Rde5 31.Qd1 Bxe3 32.fxe3 Rxe3 33.Rxe3 Rxe3 34.Qd4 Re2 35.Rf2 Re4 36.Qc5 Qe5
37.Rxf5 Re1+ 38.Kg2 Re2+ 39.Kf1 Re1+ 40.Kg2 Re2+ 41.Kf1 Qe4 42.Rf8+ Kh7 43.Qf5+ Qxf5+
44.Rxf5 Rxc2 45.h4 Rc3 46.Kg2 Rxb3 47.Ra5 Rc3 48.Rxa6 c5 49.Rb6 b3 50.a5 c4
51.a6 Rc2+ 52.Kf3 b2 53.Ke4 Re2+ 54.Kd4 Re6 55.Rxb2 Rxa6 56.Kxc4 Kg6 57.Rb7 h5
58.Rb5 Ra4+ 59.Kd5 Ra3 60.g4 hxg4 61.Ke4  1/2-1/2

[Event "Oberliga Baden9192"]
[Site "Baden"]
[Date "1992.??.??"]
[Round "?"]
[White "Gerigk, Erasmus"]
[Black "Pape, Joerg2"]
[Result "0-1"]
[WhiteElo "2270"]
[BlackElo "2205"]

1.e4 e5 2.Nf3 Nc6 3.Bb5 a6 4.Ba4 Nf6 5.O-O b5 6.Bb3 Bb7 7.Qe2 Bc5 8.c3 d6
9.d3 h6 10.Bc2 Qd7 11.b4 Bb6 12.a4 g5 13.axb5 axb5 14.Rxa8+ Bxa8 15.Be3 Bxe3
16.fxe3 Qg4 17.Qf2 Nd7 18.Na3 Na7 19.Nd2 f6 20.Bb3 Bc6 21.h3 Qh5 22.Be6 Rf8
23.d4 Nb6 24.d5 Bd7 25.Bxd7+ Nxd7 26.c4 bxc4 27.Ndxc4 g4 28.hxg4 Qxg4 29.Qc2 Rg8
30.Rf2 h5 31.Qa4 Nc8 32.Nb5 Qxe4 33.Nxc7+ Ke7 34.Qa2 h4 35.Kf1 h3 36.gxh3 Qd3+
37.Re2 Qd1+  0-1

[Event "Bankia tt"]
[Site "Bankia"]
[Date "1992.??.??"]
[Round "5"]
[White "Panbukchian, Valentin"]
[Black "Grigorov, Jordan N"]
[Result "1/2-1/2"]
[WhiteElo "2340"]
[BlackElo "2390"]

1.e4 e5 2.Nf3 Nc6 3.Bb5 a6 4.Ba4 Nf6 5.O-O b5 6.Bb3 Bb7 7.Qe2 Be7 8.a4 O-O
9.Nc3 Nd4 10.Nxd4 exd4 11.Nd5 Nxd5 12.Bxd5 Bxd5 13.exd5 Rb8 14.axb5 axb5
15.Qg4 c5 16.d3 Rb6 17.Ra7 f5 18.Qg3 Bd6 19.Bf4 Qe7 20.Rfa1 Bxf4 21.Qxf4 Qd6
22.Qxd6 Rxd6 23.Rc7 Rxd5 24.f4 Kf7 25.Raa7 Ke7 26.b3 Rb8 27.Kf2 h6 28.h3 b4
29.Kf3 Rb6 30.Rc8 Re6 31.Raa8 Kf7 32.Kf2 g5 33.Rf8+ Kg6 34.Rg8+ Kh5 35.fxg5 hxg5
36.Rh8+ Kg6 37.Rag8+ Kf6 38.Rh6+ Kf7 39.Rxe6 dxe6 40.Rxg5 Rd8 41.g4 Kf6 42.h4 Rh8
43.Kg3 Ra8 44.gxf5 Ra2 45.Kf4 Rxc2 46.Rg6+ Kf7 47.Rxe6 Rc3 48.Ke4 Rxb3 49.Rc6 Rc3
50.h5 Rc2 51.h6 b3 52.Rb6 b2 53.Rb7+ Kg8 54.f6 Rh2 55.h7+ Rxh7 56.Rxb2 Rh3
57.Rb3 Kf7 58.Kd5 Rh5+ 59.Kc4 Kxf6 60.Rb5  1/2-1/2

[Event "Belgrade IKO"]
[Site "Belgrade"]
[Date "1992.??.??"]
[Round "8"]
[White "Matulovic, Milan"]
[Black "Giorgadze, Giorgi"]
[Result "1/2-1/2"]
[WhiteElo "2450"]
[BlackElo "2525"]

1.e4 e5 2.Nf3 Nc6 3.Bb5 a6 4.Ba4 Nf6 5.O-O b5 6.Bb3 Bb7 7.d3 Be7 8.a4 O-O
9.Nc3 b4 10.Nd5 Na5 11.Nxe7+ Qxe7 12.Ba2 d5 13.exd5 Bxd5 14.Re1  1/2-1/2

[Event "SWE-chB"]
[Site "Borlange"]
[Date "1992.??.??"]
[Round "5"]
[White "Jonsson, Hans"]
[Black "Moberg, Karl Johan"]
[Result "0-1"]
[WhiteElo "2305"]
[BlackElo "2320"]

1.e4 e5 2.Nf3 Nc6 3.Bb5 a6 4.Ba4 Nf6 5.O-O b5 6.Bb3 Bb7 7.c3 Nxe4 8.Re1 Nc5
9.Nxe5 Nxe5 10.Rxe5+ Ne6 11.Qh5 Qf6 12.d4 Bd6 13.Re1 O-O 14.Be3 Nf4 15.Bxf4 Qxf4
16.Na3 Rae8 17.Nc2 Re6 18.Bxe6 fxe6 19.Re2 g6 20.Qh3 Rf5 21.Ne1 Rh5 22.Qg3 Qf5
23.Re5 Bxe5 24.Qxe5 Qxe5 25.dxe5 Rxe5 26.Kf1 Kf7 27.Nc2 Rd5 28.Nd4 e5 29.Nf3 Kf6
30.Ke2 Rd6 31.Ne1 Bd5 32.h4 a5 33.a4 bxa4 34.Rxa4 Rb6 35.Nd3 Bxg2 36.Rxa5 d6
37.b4 Bb7 38.Ke3 Ra6 39.Rb5 Ra7 40.f4 exf4+ 41.Nxf4 Bc6 42.Rg5 Ra1 43.b5 Re1+
44.Kd3 Be4+ 45.Kd4 Bb7 46.Nd5+ Bxd5 47.Kxd5 h6 48.Rg3 Re5+ 49.Kc6 Rc5+ 50.Kd7 g5
51.Rf3+ Kg6 52.hxg5 hxg5 53.b6 cxb6 54.Kxd6 g4 55.Rf1 g3 56.Rg1 Rg5 57.c4 Kf5
58.Kc6 Rg6+  0-1

[Event "Bucaramanga"]
[Site "Bucaramanga"]
[Date "1992.??.??"]
[Round "6"]
[White "Martin del Campo, Roberto"]
[Black "Fernandez Garcia, Jose L"]
[Result "0-1"]
[WhiteElo "2410"]
[BlackElo "2475"]

1.e4 e5 2.Nf3 Nc6 3.Bb5 a6 4.Ba4 Nf6 5.O-O b5 6.Bb3 Bb7 7.c3 Be7 8.Re1 O-O
9.d4 d6 10.Nbd2 exd4 11.cxd4 Nb4 12.Qe2 c5 13.a3 Nc6 14.dxc5 dxc5 15.e5 Nd5
16.Ne4 c4 17.Bc2 f5 18.exf6 Nxf6 19.Bg5 Qc7 20.Bxf6 gxf6 21.Ng3 Bc5 22.Nf5 Rad8
23.Be4 Bc8 24.Rad1 Rxd1 25.Qxd1 Kh8 26.Qe2 Ne5 27.N3h4 Bb7 28.Bxb7 Qxb7 29.Kh1 Nd3
30.Rf1 Qf7 31.h3 Re8 32.Qd2 Qc7 33.g3 Bf8 34.Kh2 Qe5 35.b3 Qb2 36.Qxb2 Nxb2
37.bxc4 Nxc4 38.Nd4 Nxa3 39.Ra1 b4 40.Nhf5 Kg8 41.h4 a5 42.h5 h6 43.Kg2 a4
44.Nc6 b3  0-1

[Event "Budapest GM"]
[Site "Budapest"]
[Date "1992.??.??"]
[Round "?"]
[White "Tolnai, Tibor"]
[Black "Yilmaz, Turham"]
[Result "1/2-1/2"]
[WhiteElo "2490"]
[BlackElo "2390"]

1.e4 e5 2.Nf3 Nc6 3.Bb5 a6 4.Ba4 Nf6 5.O-O b5 6.Bb3 Bb7 7.Re1 Bc5 8.c3 d6
9.d4 Bb6 10.a4 h6 11.axb5 axb5 12.Rxa8 Qxa8 13.Na3 O-O 14.Nxb5 exd4 15.cxd4 Na5
16.d5 Nxb3 17.Qxb3 Nxe4 18.Be3 Bxd5 19.Qd1 c5 20.Nh4 Be6 21.f3 Nf6 22.Qxd6 Qa5
23.Nc3 Nd5 24.Bd2 c4+ 25.Kf1 Rd8 26.Qg3 Bd4 27.f4 Nf6 28.Nf3 Bb6 29.Re5 Qa1+
30.Qe1 Qxe1+ 31.Rxe1 Rd3 32.Bc1 Ng4 33.h3 Ne3+ 34.Bxe3 Rxe3 35.Ne5 Rxe1+
36.Kxe1 Be3 37.f5 Bxf5 38.Ke2 Bc1 39.Nxc4 Bc2 40.b4 Bf4 41.b5 g5 42.b6 Kf8
43.Nd5 Bh2 44.Nf6 Ke7 45.Ng4 Bb8 46.Nxh6 Ke6 47.Ng4 Be4 48.Nge3 f5 49.Nd2 Bb7
50.Nf3 Kf6 51.Nd4 Be4 52.Nf3 Bg3 53.Nd2 Bc6 54.Kd3 Ke6 55.Nf3 Kf6 56.Nxf5 Bxf3
57.Nxg3 Bxg2 58.Ne4+ Kf5 59.Nc5 g4 60.hxg4+ Kxg4  1/2-1/2